000 002840000a22000970004500
100 1 _aKonkel, August H.
245 1 0 _aThe sources of the story of Hezekiah in the book of Isaiah
300 _aVol. 43, Num. 4 (Octubre, 1993), Páginas 462-482
773 0 _tVetus Testamentum
942 _cANA
999 _c57863
_d57863